Logo BPK

Biblioteka

Politechniki Koszalińskiej

Großwörterbuch Deutsch als Fremdsprache / (Rekord nr 45844)

Szczegóły MARC
000 -ETYKIETA REKORDU
podpole kontrolne o stałej długości 00806nam a2200241 i 4500
001 - NUMER KONTROLNY REKORDU
pole kontrolne bg
020 ## - MIĘDZYNARODOWY ZNORMALIZOWANY NUMER KSIĄŻKI - ISBN
ISBN 3125170427
040 ## - ŹRÓDŁO KATALOGOWANIA
Instytucja, która utworzyła rekord BPK
041 0# - KOD JĘZYKA
Kod języka tekstu ger
080 ## - UNIWERSALNA KLASYFIKACJA DZIESIĘTNA - UKD
UKD 811.112.2'373
920 ## - Międzynarodowy znormalizowany numer książki – ISBN
ISBN 3-12-517042-7
008 - POLE O STAŁEJ DŁUGOŚCI - DANE KONTROLNE
podpole kontrolne o stałej długości s pl f |000 0 pol
245 00 - TYTUŁ/ODPOWIEDZIALNOŚĆ
Tytuł Großwörterbuch Deutsch als Fremdsprache /
Pozostałe elementy strefy tytułu i oznaczenia odpowiedzialności bearb. von Susanne Balhar [et al.].
260 ## - STREFA ADRESU WYDAWNICZEGO
Miejsce wydania Stuttgart :
Nazwa wydawcy/dystrybutora "Klett",
Data publikacji, dystrybucji/powstania dokumentu cop. 2004.
300 ## - STREFA OPISU FIZYCZNEGO
Objętość 1700 s. ;
Rozmiary 22 cm.
490 1# - STREFA SERII I DOKUMENTU WIELOCZĘŚCIOWEGO - FORMA NIE DO WYSZUKIWANIA
Tytuł i oznaczenie odpowiedzialności serii Pons
500 ## - UWAGI OGÓLNE
Tekst uwagi Na okł. podtyt.: "das neue Wörterbuch für Alltag, Unterricht, Studium und Beruf, vollständige Neuentwicklung".
650 #9 - HASŁO PRZEDMIOTOWE W FORMIE NAZWY OGÓLNEJ LUB JEDNOSTKOWEJ
Nazwa ogólna lub geograficzna Słowniki niemieckie
700 1# - HASŁO DODATKOWE - NAZWA OSOBOWA
Nazwa osobowa BALHAR, Susanne
830 ## - HASŁO DODATKOWE SERII LUB DOKUMENTU WIELOCZĘŚCIOWEGO - TYTUŁ UJEDNOLICONY
Tytuł ujednolicony Pons
942 ## - DODATKOWE ELEMENTY (KOHA)
Typ dokumentu Książka
Egzemplarze
Wycofany Status egzemplarza Uszkodzony Dostępność Lokalizacja stała Lokalizacja bieżąca Miejsce przechowywania Sygnatura Kod kreskowy Dział Typ dokumentu
      Tylko na miejscu Biblioteka Politechniki Koszalińskiej Biblioteka Politechniki Koszalińskiej Czytelnia Wydziałowa ul. Kwiatkowskiego 6e 75164 02258454 811.112.2(03) Język niemiecki - encyklopedie, słowniki Książka
© 2023 Biblioteka Politechniki Koszalińskiej :: KOHA